| 000 | 01060cam a2200265 a 4500 | ||
|---|---|---|---|
| 001 | 1639943 | ||
| 005 | 20250605085132.0 | ||
| 008 | 960213s1995 enk b 001 0 eng | ||
| 020 | _a0853646856 (pbk.) | ||
| 020 | _a0801020875 (pbk. : Baker Books) | ||
| 050 | 0 | 0 |
_aBS1199.M44 _bL67 1995 |
| 082 | 0 | 0 |
_a221.6/4 _221 |
| 245 | 0 | 4 |
_aThe Lord's anointed : _binterpretation of Old Testament messianic texts / _cedited by Philip E. Satterthwaite, Richard S. Hess, and Gordon J. Wenham. |
| 260 |
_aCarlisle, U.K. : _bPaternoster Press ; _aGrand Rapids, Mich. : _bBaker Books, _c1995. |
||
| 300 |
_ax, 320 p. ; _c23 cm. |
||
| 440 | 0 | _aTyndale House studies | |
| 500 | _aSome of these papers were given at the 1994 conference of the Tyndale Fellowship Old Testament Study Group. | ||
| 650 | 0 |
_aMessiah _xBiblical teaching. |
|
| 650 | 0 |
_aMessiah _xProphecies. |
|
| 700 | 1 | _aSatterthwaite, P. E. | |
| 700 | 1 | _aHess, Richard S. | |
| 700 | 1 | _aWenham, Gordon J. | |
| 710 | 2 |
_aTyndale Fellowship for Biblical Research. _bOld Testament Study Group. |
|
| 942 |
_2lcc _cBK _n0 |
||
| 999 |
_c6290 _d6290 |
||